|
|
|
|
| LEADER |
01060nam a22002892a 4500 |
| 001 |
000387255 |
| 003 |
CZ BrMZK |
| 005 |
20200622081411.0 |
| 007 |
ta |
| 008 |
021010s1911 xr f |||| 0 cze d |
| 015 |
|
|
|a cnb000590939
|
| 035 |
|
|
|a (OCoLC)85475041
|
| 040 |
|
|
|a ABA001
|b cze
|c CBA001
|d ABA001
|d BOA001
|
| 041 |
1 |
|
|a cze
|h eng
|
| 100 |
1 |
|
|a Daškova, Jekaterina Romanovna,
|c kněžna,
|d 1743-1810
|7 jo20010091951
|4 aut
|
| 245 |
1 |
0 |
|a Zápisky /
|c Kněžna Jekatěrina R. Dašková ; z angličiny přeložil Adolf Gottwald
|
| 260 |
|
|
|a V Praze :
|b Karel Stan. Sokol,
|c 1911
|
| 300 |
|
|
|a 407 s. ;
|c 12°
|
| 490 |
1 |
|
|a Levná osvětová knihovna ;
|v sv. 43
|
| 500 |
|
|
|a Dostupné též v digitální podobě v aplikaci Kramerius
|
| 700 |
1 |
|
|a Gottwald, Adolf,
|d 1878-1920
|7 jk01032562
|4 trl
|
| 830 |
|
0 |
|a Levná osvětová knihovna
|0 s
|
| 856 |
4 |
1 |
|u http://www.digitalniknihovna.cz/mzk/uuid/uuid:58c701b0-0150-11ea-a20e-005056827e51
|y Digitalizovaný dokument
|x NDK
|
| 910 |
|
|
|a BOA001
|b 1-0054.059,43
|b OB1-0113.501,43
|
| 990 |
|
|
|a BK
|
| 993 |
|
|
|a Y
|
| 991 |
|
|
|b 201911
|